000
00282nam a22001337a 4500
008
171124b xxu||||| |||| 00| 0 eng d
020
_a
0132918072
041
_a
eng
080
_a
004
100
_a
33
101
_a
SHK
245
_a
FOR PROGRAMING
_c
CHARLES.W
942
_2
udc
_c
BK
999
_c
38431
_d
38431